[Event "San Francisco Leighton Memorial"]
[Site "San Francisco"]
[Date "2015.09.29"]
[Round "9"]
[White "Delaney, Will Fred"]
[Black "Flores Gomez, David"]
[Result "0-1"]
[WhiteElo "1777"]
[BlackElo "1803"]
[PlyCount "130"]
[EventDate "2015.08.04"]
[EventType "swiss"]
[EventRounds "9"]
[EventCountry "USA"]
[SourceTitle "EXT 2023"]
[Source "ChessBase"]
[SourceDate "2022.10.05"]
[SourceVersion "1"]
[SourceVersionDate "2022.10.05"]
[SourceQuality "1"]

1. d4 Nf6 2. Nf3 g6 3. c3 Bg7 4. Qc2 d5 5. Bf4 0-0 6. Nbd2 Nbd7 7. e3 Re8 8. Ne5 c5 9. Be2 Qb6 10. 0-0 Nf8 11. Qb3 c4 12. Qxb6 axb6 13. e4 b5 14. Bf3 dxe4 15. Nxe4 Nxe4 16. Bxe4 Ne6 17. Be3 f6 18. Nf3 Nc7 19. Rfe1 f5 20. Bc2 Nd5 21. Bd2 Bd7 22. Ne5 Bxe5 23. Rxe5 Nf6 24. a3 Bc6 25. f3 Kf7 26. b3 e6 27. bxc4 bxc4 28. Rc5 Nd7 29. Rxc4 Nb6 30. Rb4 Nd5 31. Rb2 Re7 32. c4 Nf6 33. Bb4 Rd7 34. Rd1 Rad8 35. Bc5 Nh5 36. Kf2 Nf4 37. Bb3 Kg7 38. Rbd2 b6 39. Bb4 g5 40. Bc3 Kg6 41. Ke3 b5 42. g3 bxc4 43. Bxc4 Nd5+ 44. Bxd5 Bxd5 45. Bb4 Rc8 46. Bc5 Rb7 47. Rd3 Rb2 48. R1d2 Rb1 49. Kf2 Rcb8 50. Bb4 Rc8 51. Rc3 Rxc3 52. Bxc3 Rb3 53. Bb4 Rxf3+ 54. Ke2 g4 55. Rc2 Rb3 56. Bd6 Be4 57. Rd2 h5 58. Be7 Bf3+ 59. Kf2 Bd5 60. Rc2 Rd3 61. Bc5 f4 62. gxf4 Kf5 63. Bd6 Rxd4 64. Kg3 h4+ 65. Kxh4 Rd3 0-1

[Event "San Francisco TNM Winter op"]
[Site "San Francisco"]
[Date "2014.02.04"]
[Round "5"]
[White "Morton, Adam B"]
[Black "Delaney, Will Fred"]
[Result "1-0"]
[WhiteElo "2033"]
[BlackElo "1800"]
[PlyCount "69"]
[EventDate "2014.01.07"]
[EventType "swiss"]
[EventRounds "8"]
[EventCountry "USA"]
[SourceTitle "EXT 2016"]
[Source "ChessBase"]
[SourceDate "2015.10.08"]
[SourceVersion "1"]
[SourceVersionDate "2015.10.08"]
[SourceQuality "1"]

1. d4 Nf6 2. c4 g6 3. Nc3 Bg7 4. e4 d6 5. f3 Nc6 6. Nge2 e5 7. Bg5 h6 8. Be3 a6 9. d5 Ne7 10. Qd2 Bd7 11. Nc1 Nfg8 12. Nd3 f5 13. 0-0-0 Nf6 14. h3 f4 15. Bf2 g5 16. Be2 Qb8 17. c5 Kf7 18. Kb1 Rd8 19. Rc1 Be8 20. Rc2 Kg8 21. cxd6 cxd6 22. Bb6 Rc8 23. Rhc1 Nd7 24. Na4 Bf8 25. Qb4 a5 26. Qb3 Ra6 27. Nf2 Nxb6 28. Nxb6 Rxc2 29. Rxc2 Qa7 30. Bxa6 Qxa6 31. a4 Qf1+ 32. Ka2 Qa6 33. Nc4 Kg7 34. Qb6 Qxb6 35. Nxb6 1-0

[Event "San Francisco Neil Falconer op"]
[Site "San Francisco"]
[Date "2013.08.20"]
[Round "3"]
[White "Hilliard, Michael"]
[Black "Delaney, Will Fred"]
[Result "0-1"]
[WhiteElo "1400"]
[BlackElo "1800"]
[PlyCount "64"]
[EventDate "2013.08.06"]
[EventType "swiss"]
[EventRounds "9"]
[EventCountry "USA"]
[SourceTitle "EXT 2016"]
[Source "ChessBase"]
[SourceDate "2015.10.08"]
[SourceVersion "1"]
[SourceVersionDate "2015.10.08"]
[SourceQuality "1"]

1. d4 Nf6 2. Bg5 Ne4 3. Bh4 c5 4. f3 Nd6 5. d5 Qb6 6. b3 Qb4+ 7. Qd2 Qxh4+ 8. g3 Qf6 9. c3 b5 10. e4 a5 11. Qe3 Qh6 12. Kd2 Qxe3+ 13. Kxe3 g6 14. e5 Nf5+ 15. Ke4 Ba6 16. f4 e6 17. c4 b4 18. Ne2 exd5+ 19. cxd5 c4 20. bxc4 Bxc4 21. Nd2 Ba6 22. Rc1 Bb7 23. Nd4 Na6 24. Bg2 Nc5+ 25. Rxc5 Bxc5 26. Nxf5 gxf5+ 27. Kxf5 0-0 28. Rc1 Bb6 29. Ke4 f5+ 30. Kd3 Ba6+ 31. Kc2 Rac8+ 32. Kd1 Be2+ 0-1

[Event "San Francisco TNM Fall op"]
[Site "San Francisco"]
[Date "2012.11.20"]
[Round "6"]
[White "Delaney, Will Fred"]
[Black "Watson, Farid"]
[Result "0-1"]
[WhiteElo "1800"]
[BlackElo "2095"]
[PlyCount "118"]
[EventDate "2012.10.16"]
[EventType "swiss"]
[EventRounds "9"]
[EventCountry "USA"]
[SourceTitle "EXT 2014"]
[Source "ChessBase"]
[SourceDate "2013.11.20"]
[SourceVersion "1"]
[SourceVersionDate "2013.11.20"]
[SourceQuality "1"]

1. Nf3 c5 2. g3 Nc6 3. Bg2 e5 4. d3 g6 5. 0-0 Bg7 6. c3 Nge7 7. e4 0-0 8. Nbd2 d6 9. Qe2 b5 10. d4 b4 11. dxc5 dxc5 12. Qb5 Qb6 13. Qxb6 axb6 14. Nc4 Ba6 15. Nfd2 Rad8 16. Re1 Bh6 17. Ne3 Bxe3 18. Rxe3 Rd3 19. Rxd3 Bxd3 20. Bf1 Rd8 21. a3 bxc3 22. bxc3 Na5 23. Ra2 Kf8 24. a4 Ke8 25. Rb2 Nc8 26. f3 Bxf1 27. Kxf1 Kd7 28. Ke2 Kc6 29. f4 Nd6 30. fxe5 Ndc4 31. Rc2 Nxe5 32. Nf3 Nxf3 33. Kxf3 Nc4 34. Ke2 Kb7 35. Bf4 Ra8 36. Kd3 Rxa4 37. g4 Kc6 38. Re2 Kd7 39. h4 b5 40. h5 Ra1 41. hxg6 hxg6 42. Rh2 Rf1 43. Bg5 Rf3+ 44. Ke2 Rxc3 45. Rh7 Ke6 46. Rh8 b4 47. Re8+ Kd6 48. Rd8+ Kc6 49. Rc8+ Kb5 50. Be7 Nb6 51. Rf8 Rg3 52. g5 c4 53. Rxf7 b3 54. Rf1 c3 55. Bf6 Kc4 56. e5 Rg2+ 57. Kd1 Rd2+ 58. Kc1 b2+ 59. Kb1 Kb3 0-1

[Event "San Francisco TNM Marathon op"]
[Site "San Francisco"]
[Date "2012.09.18"]
[Round "8"]
[White "Allen, Tom"]
[Black "Delaney, Will Fred"]
[Result "0-1"]
[WhiteElo "1459"]
[BlackElo "1800"]
[PlyCount "70"]
[EventDate "2012.07.31"]
[EventType "swiss"]
[EventRounds "9"]
[EventCountry "USA"]
[SourceTitle "EXT 2014"]
[Source "ChessBase"]
[SourceDate "2013.11.20"]
[SourceVersion "1"]
[SourceVersionDate "2013.11.20"]
[SourceQuality "1"]

1. e4 e5 2. Nf3 Nc6 3. d4 exd4 4. c3 d3 5. Qxd3 d6 6. Qc2 Ne5 7. Nxe5 dxe5 8. Be2 Bc5 9. 0-0 Qf6 10. Nd2 g5 11. Nc4 Ne7 12. Be3 Bb6 13. Rad1 0-0 14. Nxb6 axb6 15. b3 Be6 16. Rd3 Ng6 17. Qd2 Nf4 18. Bxf4 gxf4 19. Rd1 Qg6 20. Bf3 h5 21. Kh1 h4 22. h3 Kh8 23. Qe2 Rg8 24. Qf1 Rxa2 25. Rd8 Rxd8 26. Rxd8+ Kg7 27. c4 Qf6 28. Rd3 Qe7 29. Kh2 Qc5 30. Be2 c6 31. g3 hxg3+ 32. fxg3 b5 33. gxf4 exf4 34. Rc3 Qd4 35. Rc1 Qe3 0-1

[Event "San Francisco TNM Marathon op"]
[Site "San Francisco"]
[Date "2012.08.14"]
[Round "3"]
[White "Delaney, Will Fred"]
[Black "Mar, Henry"]
[Result "1-0"]
[WhiteElo "1800"]
[BlackElo "1500"]
[PlyCount "35"]
[EventDate "2012.07.31"]
[EventType "swiss"]
[EventRounds "9"]
[EventCountry "USA"]
[SourceTitle "EXT 2014"]
[Source "ChessBase"]
[SourceDate "2013.11.20"]
[SourceVersion "1"]
[SourceVersionDate "2013.11.20"]
[SourceQuality "1"]

1. e4 c6 2. d4 d5 3. Nc3 dxe4 4. Nxe4 Bf5 5. Ng3 Bg6 6. Nf3 Nf6 7. Bc4 Nd5 8. c3 e6 9. Ne5 Nd7 10. Nxg6 hxg6 11. Qf3 N7f6 12. Bg5 Be7 13. h3 Qc7 14. 0-0 0-0 15. Rfe1 c5 16. Bxd5 Nxd5 17. Bxe7 Qxe7 18. Qxd5 1-0

[Event "San Francisco TNM Marathon op"]
[Site "San Francisco"]
[Date "2012.08.07"]
[Round "2"]
[White "James, Charles"]
[Black "Delaney, Will Fred"]
[Result "0-1"]
[WhiteElo "1482"]
[BlackElo "1800"]
[PlyCount "36"]
[EventDate "2012.07.31"]
[EventType "swiss"]
[EventRounds "9"]
[EventCountry "USA"]
[SourceTitle "EXT 2014"]
[Source "ChessBase"]
[SourceDate "2013.11.20"]
[SourceVersion "1"]
[SourceVersionDate "2013.11.20"]
[SourceQuality "1"]

1. d4 Nf6 2. c4 g6 3. f3 Bg7 4. e4 d6 5. Nc3 Nc6 6. Be3 0-0 7. Nge2 e5 8. Qd2 Nh5 9. 0-0-0 f5 10. g3 Nf6 11. h4 fxe4 12. fxe4 Bg4 13. Bg5 Nxd4 14. Bh3 Bxh3 15. Rxh3 Nf3 16. Qe3 Ng4 17. Qd3 Nxg5 18. Qd5+ Nf7 0-1

[Event "San Francisco TNM Peter Grey op"]
[Site "San Francisco"]
[Date "2010.08.31"]
[Round "5"]
[White "Delaney, Will Fred"]
[Black "Grey, Peter G"]
[Result "1-0"]
[WhiteElo "1838"]
[BlackElo "2017"]
[PlyCount "59"]
[EventDate "2010.08.03"]
[EventType "swiss"]
[EventRounds "9"]
[EventCountry "USA"]
[SourceTitle "EXT 2012"]
[Source "ChessBase"]
[SourceDate "2011.11.24"]
[SourceVersion "1"]
[SourceVersionDate "2011.11.24"]
[SourceQuality "1"]

1. d4 Nf6 2. Nf3 g6 3. c3 Bg7 4. Qc2 0-0 5. e4 d6 6. Be2 c5 7. dxc5 dxc5 8. Bf4 Nc6 9. Nbd2 a6 10. a4 b6 11. Rd1 Ra7 12. Nc4 Rd7 13. 0-0 Nh5 14. Be3 Rxd1 15. Rxd1 Qc7 16. Qb3 Nf6 17. Qxb6 Qxb6 18. Nxb6 Nxe4 19. Nxc8 Rxc8 20. Bxa6 Rb8 21. Bb5 Na7 22. Rd7 Nxb5 23. axb5 Bf8 24. c4 Ra8 25. g3 Ra2 26. b3 Rb2 27. Rd3 Nd6 28. Bxc5 Rb1+ 29. Kg2 Ne4 30. Be3 1-0

[Event "San Francisco Chernev Memorial"]
[Site "San Francisco"]
[Date "2008.08.26"]
[Round "4"]
[White "Delaney, Will Fred"]
[Black "Grey, Peter G"]
[Result "1/2-1/2"]
[WhiteElo "1800"]
[BlackElo "2000"]
[PlyCount "62"]
[EventDate "2008.08.05"]
[EventType "swiss"]
[EventRounds "8"]
[EventCountry "USA"]
[SourceTitle "CBM 126 Extra"]
[Source "ChessBase"]
[SourceDate "2008.11.05"]
[SourceVersion "1"]
[SourceVersionDate "2008.11.05"]
[SourceQuality "1"]

1. Nf3 Nf6 2. d4 g6 3. c3 Bg7 4. Qc2 d5 5. h3 0-0 6. Bf4 b6 7. Nbd2 Bb7 8. e3 Nbd7 9. Be2 c5 10. 0-0 Qc8 11. Ne5 Nxe5 12. Bxe5 Ba6 13. Bxa6 Qxa6 14. a4 cxd4 15. exd4 Rfe8 16. Rfe1 Qb7 17. g4 Nd7 18. Bxg7 Kxg7 19. f4 Qc7 20. Rf1 e6 21. Rf3 Nf6 22. Raf1 Qc6 23. Re3 h5 24. g5 Ng8 25. Nf3 Ne7 26. Nh4 Qd6 27. Ref3 Nf5 28. Ng2 Rac8 29. Qe2 Re7 30. Qe5+ Qxe5 31. fxe5 Rc4 1/2-1/2

[Event "San Francisco Chernev Memorial"]
[Site "San Francisco"]
[Date "2008.08.20"]
[Round "3"]
[White "Periwal, Prashant"]
[Black "Delaney, Will Fred"]
[Result "0-1"]
[WhiteElo "1830"]
[BlackElo "1800"]
[PlyCount "57"]
[EventDate "2008.08.05"]
[EventType "swiss"]
[EventRounds "8"]
[EventCountry "USA"]
[SourceTitle "CBM 126 Extra"]
[Source "ChessBase"]
[SourceDate "2008.11.05"]
[SourceVersion "1"]
[SourceVersionDate "2008.11.05"]
[SourceQuality "1"]

1. e4 e6 2. d4 d5 3. Nc3 Nf6 4. e5 Nfd7 5. Nce2 c5 6. c3 Nc6 7. f4 Be7 8. Nf3 a5 9. g4 cxd4 10. cxd4 Bb4+ 11. Kf2 f6 12. h4 fxe5 13. fxe5 Qb6 14. Nf4 Ndxe5 15. Nxe5 Nxe5 16. Kg3 Nc6 17. Nh5 0-0 18. Bf4 g6 19. Bh6 Bd6+ 20. Kh3 Rf7 21. Ng7 Nxd4 22. Bg2 Qxb2 23. Rb1 Qa3+ 24. Bf3 Rxf3+ 25. Kg2 Rg3+ 26. Kf2 Bc5 27. Rc1 Nb3+ 28. Kf1 Nxc1 29. Qa4 0-1